书目信息 |
| 题名: |
声乐曲集
|
|
| 作者: | 丁小琴 编 | |
| 分册: | 上册 女中、低音 | |
| 出版信息: | 北京 高等教育出版社 2002 |
|
| 页数: | 255页 | |
| 开本: | 26cm | |
| 丛书名: | ||
| 单 册: | ||
| 中图分类: | J652 , J652.32 | |
| 科图分类: | ||
| 主题词: | 练声曲--世界--选集 , 女中音--独唱--练声曲--世界--选集 , 女低音--独唱--练声曲--世界--选集 , 练声曲 , 女中音 , 独唱 , 女低音 | |
| 电子资源: | ||
| ISBN: | 7-04-010644-2 | |
| 000 | 00914nam0 2200301 450 | |
| 001 | 1241047448 | |
| 005 | 20121019112505.24 | |
| 010 | @a7-04-010644-2@dCNY30.40 | |
| 100 | @a20020911d2002 em y0chiy0110 ea | |
| 101 | 0 | @achi |
| 102 | @aCN@b110000 | |
| 105 | @ag z 000yy | |
| 200 | 1 | @a声乐曲集@Asheng yue qu ji@i女中、低音@h上册@f丁小琴编 |
| 210 | @a北京@c高等教育出版社@d2002 | |
| 215 | @a255页@d26cm | |
| 330 | @a本书分中国作品和外国作品两部分。收入声乐曲73首,其中有“送别”、“渔光曲”、“踏雪寻梅”、“照镜子”、“你们可知道”等。 | |
| 606 | 0 | @a练声曲@y世界@j选集 |
| 606 | 0 | @a女中音@x独唱@x练声曲@y世界@j选集 |
| 606 | 0 | @a女低音@x独唱@x练声曲@y世界@j选集 |
| 606 | 0 | @a练声曲 |
| 606 | 0 | @a女中音 |
| 606 | 0 | @a独唱 |
| 606 | 0 | @a女低音 |
| 690 | @aJ652@v4 | |
| 690 | @aJ652.32@v4 | |
| 701 | 0 | @a丁小琴@Ading xiao qin@4编 |
| 801 | 0 | @aCN@bNLC@c20101222 |
| 905 | @a10447@dJ652@eJY102:1 | |
| 声乐曲集.女中、低音.上册/丁小琴编.-北京:高等教育出版社,2002 |
| 255页;26cm |
| ISBN 7-04-010644-2:CNY30.40 |
| 本书分中国作品和外国作品两部分。收入声乐曲73首,其中有“送别”、“渔光曲”、“踏雪寻梅”、“照镜子”、“你们可知道”等。 |
| ● |
| 相关链接 |
|
|
|
|
正题名:声乐曲集
索取号:J652/JY102:1
 
预约/预借
| 序号 | 登录号 | 条形码 | 馆藏地/架位号 | 状态 | 备注 |
| 1 | 7834165 | 278341652 | 学院路分馆/ [索取号:J652/JY102:1] | 在馆 | |
| 2 | 7834166 | 278341661 | 学院路分馆/ [索取号:J652/JY102:1] | 在馆 | |
| 3 | 7834167 | 278341670 | 学院路分馆/ [索取号:J652/JY102:1] | 在馆 | |
| 4 | 7834168 | 278341689 | 学院路分馆/ [索取号:J652/JY102:1] | 在馆 | |
| 5 | 7834169 | 278341698 | 学院路分馆/ [索取号:J652/JY102:1] | 在馆 | |
| 6 | 7834170 | 278341705 | 学院路分馆/ [索取号:J652/JY102:1] | 在馆 | |
| 7 | 7834171 | 278341714 | 学院路分馆/ [索取号:J652/JY102:1] | 在馆 |